They Made it Their Home (Record no. 113)
[ view plain ]
| 000 -LEADER | |
|---|---|
| fixed length control field | 00343nam a22001337a 4500 |
| 008 - FIXED-LENGTH DATA ELEMENTS--GENERAL INFORMATION | |
| fixed length control field | 230602b xxu||||| |||| 00| 0 eng d |
| 082 ## - DEWEY DECIMAL CLASSIFICATION NUMBER | |
| Classification number | 967.620319 |
| Item number | AND |
| 100 ## - MAIN ENTRY--PERSONAL NAME | |
| Dates associated with a name | 1962 |
| 110 ## - MAIN ENTRY--CORPORATE NAME | |
| Subordinate unit | East Africa Women's League |
| 245 ## - TITLE STATEMENT | |
| Title | They Made it Their Home |
| 260 ## - PUBLICATION, DISTRIBUTION, ETC. (IMPRINT) | |
| Place of publication, distribution, etc. | Printing and Packaging Limited |
| Name of publisher, distributor, etc. | Nairobi |
| 300 ## - PHYSICAL DESCRIPTION | |
| Extent | 104 p |
| 942 ## - ADDED ENTRY ELEMENTS (KOHA) | |
| Source of classification or shelving scheme | Dewey Decimal Classification |
| Koha item type | Books |
| Withdrawn status | Lost status | Source of classification or shelving scheme | Damaged status | Not for loan | Home library | Current library | Date acquired | Total Checkouts | Full call number | Barcode | Date last seen | Price effective from | Koha item type |
|---|---|---|---|---|---|---|---|---|---|---|---|---|---|
| Dewey Decimal Classification | Bunge Tower Library | Bunge Tower Library | 06/02/2023 | 967.620319 AND | 10015305 | 06/02/2023 | 06/02/2023 | Books |
